00824cam a2200217 a 4500020004300000020004000043020002600083020002300109041000800132082001600140245004000156260005500196300002600251500008600277650002600363650002000389700002100409942000700430952015200437999001700589 a9780313364303 (hard copy : alk. paper) a0313364303 (hard copy : alk. paper) a9780313364310 (ebook) a0313364311 (ebook) aENG00a200.19bFEI04aThe biology of religious behavior : aSanta Barbara, Calif. :bPraeger/ABC-CLIO,cc2009. axix, 301 p. :bill. ; aProceedings of a symposium held in July 2008 at the University of Bologna, Italy. 0aPsychology, Religious 0aHuman evolution1 aFeierman, Jay R. cBK 00104070aHMIbHMIcGENd2024-03-18eKohinoor Book Distributorg4746.00l2o200.19 FEIp25925q2026-02-24r2026-02-10s2026-02-10w2024-04-15yBK c23436d23436